02229nam a2200253 a 4500003000500000005001700005007001500022008004100037035001100078040000900089100002500098245012400123264004100247300006100288336002700349337002900376338004000405502002800445520135900473650001401832650001801846700005801864856005301922CHAP20250121111951.0cr ||||||a|c|a101201s2010 mx r 00010 spa d a111680 cCHAP1 aCano Ventura, Brenda10aPlan de negocios de la empresa CUIJ-Mielc/por Brenda Cano Ventura; director de tesis Enrique de la Sancha Rodríguez. 1aChapingo, Méx. :bEl autor,c2010. a1 recurso en línea (116 páginas):bfiguras, cuadros. 2rdacontentatextobtxt 2rdamediaacomputadorabc 2rdacarrierarecursos en líneabcr cDICEAd2010.gLICbLAEA aMéxico ocupa el tercer lugar mundial como exportador de miel de abeja y es el sexto lugar como productor. El Estado de Guerrero se ubica en el cuarto lugar como productor nacional. De esta manera la miel mexicana es cotizada a nivel mundial por su alta calidad, se ocupa entre los tres primeros lugares del subsector pecuario como generadora de divisas por concepto de exportación. CUIJ-MIEL es una empresa conformada por productores apícolas emprendedores que producen miel de forma artesanal obteniendo un sabor único que lo distingue siendo 100% natural, con la finalidad de satisfacer a los consumidores que gusten de adquirir miel pura, libre de químicos y metales. CUIJ-MIEL está ubicada en el municipio de Cuajinicuilapa Estado de Guerrero, inicia sus actividades de producción y venta en el año 2000. Actualmente está incursionando en el mercado local y en el largo plazo pretende posicionarse en nuevos mercados, como lo son los lugares turísticos de México. Para que la empresa pueda ingresar a nuevos mercados con gran éxito, necesita de la investigación de diferentes aspectos económicos y financieros, por lo que se llevó a cabo la elaboración de un Plan de Negocios. Del estudio se concluyó que es técnica, económica y financieramente viable y que constituye una alternativa de inversión de recursos.04aNegocios.04aPlaneación.1 aSancha Rodríguez, Enrique de laeDirector de tesis. uhttp://10.13.5.2/tesis/111680.pdfzDESCARGAR PDF